00558nam a2200205Ia 450000500170000000800410001702000240005804000190008204100120010108200160011310000170012924500480014625000120019426000340020630000260024050400340026665000270030065100150032785000100034220240506114408.0131103s9999 xx 000 0 und d a81203208271cRs.175 aLoreto College aEnglish a370.15bMAN aMangal, S.K. aAdvanced educational psychologycS.K.Mangal a2nd.ed. aNew DelhibPrentice Hallc200 axii,416p.b ill.,fig. aIncludes references and index aEducational Psychology aPsychology aLCBED